Company Law-II (Record no. 11845)

MARC details
000 -LEADER
fixed length control field 00423nam a22001817a 4500
003 - CONTROL NUMBER IDENTIFIER
control field OSt
008 - FIXED-LENGTH DATA ELEMENTS--GENERAL INFORMATION
fixed length control field 230301b ||||| |||| 00| 0 eng d
022 ## - INTERNATIONAL STANDARD SERIAL NUMBER
International Standard Serial Number 9789388778046
082 ## - DEWEY DECIMAL CLASSIFICATION NUMBER
Classification number 658.12 AHC
100 ## - MAIN ENTRY--PERSONAL NAME
Personal name AHUJA, Shagun
245 ## - TITLE STATEMENT
Title Company Law-II
250 ## - EDITION STATEMENT
Edition statement 1st ed.
260 ## - PUBLICATION, DISTRIBUTION, ETC. (IMPRINT)
Place of publication, distribution, etc Ludhiana
Name of publisher, distributor, etc Kalyani Publishers
Date of publication, distribution, etc 2019
300 ## - PHYSICAL DESCRIPTION
Extent MISC
650 ## - SUBJECT ADDED ENTRY--TOPICAL TERM
Topical term or geographic name as entry element Commerce
700 ## - ADDED ENTRY--PERSONAL NAME
Personal name BUDHIRAJA, Lovenish
942 ## - ADDED ENTRY ELEMENTS (KOHA)
Source of classification or shelving scheme Dewey Decimal Classification
Koha item type Text Books
Holdings
Withdrawn status Lost status Source of classification or shelving scheme Damaged status Not for loan Collection code Home library Current library Date acquired Source of acquisition Currency Cost, normal purchase price Bill Number Total Checkouts Full call number Acc. no. / Barcode Date last seen Date last borrowed Actual Cost, discounted price Bill Date Koha item type
    Dewey Decimal Classification     B.Com PIET NCR College Library PIET NCR College Library 16/02/2023 International Book Centre In Rupees 150.00 IB/IN/1152 6 658.12 AHC N3327 01/05/2024 16/04/2024 123.00 16/02/2023 Text Books
    Dewey Decimal Classification     B.Com PIET NCR College Library PIET NCR College Library 16/02/2023 International Book Centre In Rupees 150.00 IB/IN/1152 5 658.12 AHC N3328 08/05/2025 17/04/2025 123.00 16/02/2023 Text Books
    Dewey Decimal Classification     B.Com PIET NCR College Library PIET NCR College Library 16/02/2023 International Book Centre In Rupees 150.00 IB/IN/1152 1 658.12 AHC N3329 26/05/2025 16/05/2025 123.00 16/02/2023 Text Books
    Dewey Decimal Classification     B.Com PIET NCR College Library PIET NCR College Library 16/02/2023 International Book Centre In Rupees 150.00 IB/IN/1152 6 658.12 AHC N3330 25/06/2024 13/06/2024 123.00 16/02/2023 Text Books
    Dewey Decimal Classification     B.Com PIET NCR College Library PIET NCR College Library 16/02/2023 International Book Centre In Rupees 150.00 IB/IN/1152 7 658.12 AHC N3331 20/05/2024 13/05/2024 123.00 16/02/2023 Text Books

Design & Developed by: PIET Central Library
R70 Miles Stone Pattikalyana Samalkha Panipat 132102
mail ID :- [email protected], Phone No:- 0180-2569700 Ex.216